Manual de derecho administrativo / (Registro nro. 13898)

Detalles MARC
000 -LEADER
fixed length control field 01079nam a2200301 a 4500
001 - CONTROL NUMBER
control field
003 - CONTROL NUMBER IDENTIFIER
control field DO-SdBNP
005 - DATE AND TIME OF LATEST TRANSACTION
control field 20211124120404.0
008 - FIXED-LENGTH DATA ELEMENTS--GENERAL INFORMATION
fixed length control field 180529s2016 dr r 000 0 spa d
020 ## - INTERNATIONAL STANDARD BOOK NUMBER
International Standard Book Number 9789945590463
040 ## - CATALOGING SOURCE
Original cataloging agency DO-SdBNP
Language of cataloging spa
Transcribing agency BPMSU
082 ## - DEWEY DECIMAL CLASSIFICATION NUMBER
Classification number 342.729306
Item number R621ma 2016
Edition number 22
100 1# - MAIN ENTRY--PERSONAL NAME
Personal name Rivero Ortega, Ricardo
245 10 - TITLE STATEMENT
Title Manual de derecho administrativo /
Statement of responsibility, etc. Ricardo Rivero Ortega, Francisco Ortega Polanco.
260 ## - PUBLICATION, DISTRIBUTION, ETC. (IMPRINT)
Place of publication, distribution, etc. Santo Domingo :
Name of publisher, distributor, etc. FUNGLODE,
Date of publication, distribution, etc. 2016.
300 ## - PHYSICAL DESCRIPTION
Extent 354 p. ;
Dimensions 23 cm.
490 0# - SERIES STATEMENT
Series statement Manuales IGlobal
500 ## - GENERAL NOTE
General note Incluye datos biográficos de los autores en la solapa de la cubierta
590 ## - LOCAL NOTE (RLIN)
Local note Inventariado, 2021/VM
650 #4 - SUBJECT ADDED ENTRY--TOPICAL TERM
Topical term or geographic name as entry element Derecho administrativo
Geographic subdivision República Dominicana
Form subdivision Manuales
651 #4 - SUBJECT ADDED ENTRY--GEOGRAPHIC NAME
Geographic name República Dominicana
General subdivision Administración Pública
700 1# - ADDED ENTRY--PERSONAL NAME
Personal name Nuñez Polanco, Diomedes,
Numeration 1952-
700 z# - ADDED ENTRY--PERSONAL NAME
Personal name Polanco, Diómedes Núñez,
710 2# - ADDED ENTRY--CORPORATE NAME
Corporate name or jurisdiction name as entry element Fundación Global Democracia y Desarrollo (República Dominicana)
730 0# - ADDED ENTRY--UNIFORM TITLE
Uniform title República Dominicana. Leyes, etc.
910 ## - USER-OPTION DATA (OCLC)
User-option data VMateo V.
942 ## - ADDED ENTRY ELEMENTS (KOHA)
Source of classification or shelving scheme Dewey Decimal Classification
Koha item type Libros
Existencias
Withdrawn status Lost status Source of classification or shelving scheme Damaged status Not for loan Collection code Home library Current library Date acquired Total Checkouts Full call number Barcode Date last seen Price effective from Koha item type Copy number
    Dewey Decimal Classification     Colección Dominicana Biblioteca Pública Metropolitana Salomé Ureña Biblioteca Pública Metropolitana Salomé Ureña 11/24/2021   BPMSU CD 342.729306 R621ma 2016 BPMSU21110120 11/24/2021 11/24/2021 Libros  
    Dewey Decimal Classification     Colección Dominicana Biblioteca Pública Metropolitana Salomé Ureña Biblioteca Pública Metropolitana Salomé Ureña 11/24/2021   BPMSU CD 342.729306 R621ma 2016 BPMSU21110121 11/24/2021 11/24/2021 Libros e.2